EU country currencies before Euro was introduced - Statistics

General Stats
  • This quiz has been taken 1,250 times
  • The average score is 11 of 20
Answer Stats
Hint Answer % Correct
Belgium Franc
93%
France Franc
93%
Luxembourg Franc
93%
Germany Mark
90%
Italy Lira
87%
Malta Lira
87%
Cyprus Pound
80%
Ireland Pound
80%
Greece Drachma
54%
Spain Peseta
53%
Austria Schilling
51%
Portugal Escudo
39%
Netherlands Guilder
35%
Slovakia Koruna
29%
Croatia Kuna
27%
Finland Markka
21%
Slovenia Tolar
12%
Latvia Lats
11%
Estonia Kroon
10%
Lithuania Litas
10%
No matching quizzes found
Score Distribution
Percent of People with Each Score
Percentile by Number Answered
Your Score History
You have not taken this quiz